MARC details
| 000 -LEADER |
| fixed length control field |
02892aam a2200493 i 4500 |
| 001 - CONTROL NUMBER |
| control field |
1262191977 |
| 003 - CONTROL NUMBER IDENTIFIER |
| control field |
OCoLC |
| 005 - DATE AND TIME OF LATEST TRANSACTION |
| control field |
20220314145202.0 |
| 007 - PHYSICAL DESCRIPTION FIXED FIELD--GENERAL INFORMATION |
| fixed length control field |
t|| |
| 008 - FIXED-LENGTH DATA ELEMENTS--GENERAL INFORMATION |
| fixed length control field |
210730s2022 caua c 000 1 eng d |
| 020 ## - INTERNATIONAL STANDARD BOOK NUMBER |
| International Standard Book Number |
9781368068000 |
| Qualifying information |
hardcover |
| 020 ## - INTERNATIONAL STANDARD BOOK NUMBER |
| International Standard Book Number |
1368068006 |
| Qualifying information |
hardcover |
| 035 ## - SYSTEM CONTROL NUMBER |
| System control number |
(OCoLC)1262191977 |
| 040 ## - CATALOGING SOURCE |
| Original cataloging agency |
YDX |
| Language of cataloging |
eng |
| Transcribing agency |
YDX |
| Modifying agency |
JTB |
| -- |
UKMGB |
| -- |
OCLCF |
| -- |
OCLCO |
| -- |
BDX |
| Description conventions |
rda |
| Modifying agency |
TnLvILS |
| 092 ## - LOCALLY ASSIGNED DEWEY CALL NUMBER (OCLC) |
| Classification number |
junior fiction |
| Item number |
Star Wars |
| 100 1# - MAIN ENTRY--PERSONAL NAME |
| Personal name |
Ireland, Justina, |
| Relator term |
author. |
| Relator code |
aut. |
| 9 (RLIN) |
6020340 |
| 245 10 - TITLE STATEMENT |
| Title |
Mission to disaster / |
| Statement of responsibility, etc |
Justina Ireland ; illustrations by Petur Antonsson. |
| 246 3# - VARYING FORM OF TITLE |
| Title proper/short title |
Star Wars, the high republic. |
| Name of part/section of a work |
Mission to disaster. |
| 250 ## - EDITION STATEMENT |
| Edition statement |
First edition. |
| 264 #1 - Production, Publication, Distribution, Manufacture, and Copyright Notice. |
| Place of production, publication, distribution, manufacture |
Los Angeles, California : |
| Name of producer, publisher, distributor, manufacturer |
Disney/Lucasfilm Press, |
| Date of production, publication, distribution, manufacture, or copyr |
2022. |
| 264 #4 - Production, Publication, Distribution, Manufacture, and Copyright Notice. |
| Date of production, publication, distribution, manufacture, or copyr |
2. |
| 300 ## - PHYSICAL DESCRIPTION |
| Extent |
262 pages : |
| Other physical details |
illustrations (some color) ; |
| Dimensions |
19 cm. |
| 336 ## - Content Type |
| Content type term |
text |
| 336 ## - Content Type |
| Content type term |
still image |
| 337 ## - Media type |
| Media type term |
unmediated |
| 338 ## - Carrier type |
| Carrier type term |
volume |
| 490 1# - SERIES STATEMENT |
| Series statement |
Star Wars : the high republic. |
| 520 ## - SUMMARY, ETC. |
| Summary, etc |
"Centuries before the events of Star Wars: The Phantom Menace, in the era of the glorious High Republic, the Jedi are the guardians of peace and justice in the galaxy! The Jedi think the dreaded Nihil marauders have been all but defeated. Their leader is on the run and their numbers have dwindled. Jedi Knight Vernestra Rwoh hopes this means she will finally have time to really train her Padawan, Imri Cantaros--but reports of a Nihil attack on Port Haileap soon dash those hopes. For not only have the Nihil attacked the peaceful outpost, they have abducted Vernestra and Imri's friend, Avon Starros. The two Jedi set off for Port Haileap, determined to figure out where the Nihil have taken their friend. Meanwhile, Avon must put her smarts and skills to the ultimate test as she fights for survival among the Nihil--and uncovers a sinister plan. Can Vernestra and Imri find their friend before disaster strikes? The New York Times best-selling series continues.... For light and life!"-- |
| 650 #0 - SUBJECT ADDED ENTRY--TOPICAL TERM |
| Topical term or geographic name as entry element |
Jedi (Fictitious characters) |
| Form subdivision |
Juvenile fiction. |
| 9 (RLIN) |
6408267 |
| 650 #0 - SUBJECT ADDED ENTRY--TOPICAL TERM |
| Topical term or geographic name as entry element |
Imaginary wars and battles |
| Form subdivision |
Juvenile fiction. |
| 9 (RLIN) |
5691546 |
| 650 #0 - SUBJECT ADDED ENTRY--TOPICAL TERM |
| Topical term or geographic name as entry element |
Life on other planets |
| Form subdivision |
Juvenile fiction. |
| 9 (RLIN) |
5688700 |
| 650 #0 - SUBJECT ADDED ENTRY--TOPICAL TERM |
| Topical term or geographic name as entry element |
Space warfare |
| Form subdivision |
Juvenile fiction. |
| 9 (RLIN) |
5688699 |
| 650 #0 - SUBJECT ADDED ENTRY--TOPICAL TERM |
| Topical term or geographic name as entry element |
Interplanetary voyages |
| Form subdivision |
Juvenile fiction. |
| 9 (RLIN) |
5674770 |
| 650 #0 - SUBJECT ADDED ENTRY--TOPICAL TERM |
| Topical term or geographic name as entry element |
Star Wars fiction. |
| 650 #1 - SUBJECT ADDED ENTRY--TOPICAL TERM |
| Topical term or geographic name as entry element |
Jedi (Fictitious characters) |
| Form subdivision |
Fiction. |
| 9 (RLIN) |
6402577 |
| 650 #1 - SUBJECT ADDED ENTRY--TOPICAL TERM |
| Topical term or geographic name as entry element |
Imaginary wars and battles |
| Form subdivision |
Fiction. |
| 9 (RLIN) |
5673973 |
| 650 #1 - SUBJECT ADDED ENTRY--TOPICAL TERM |
| Topical term or geographic name as entry element |
Life on other planets |
| Form subdivision |
Fiction. |
| 9 (RLIN) |
5674261 |
| 650 #1 - SUBJECT ADDED ENTRY--TOPICAL TERM |
| Topical term or geographic name as entry element |
Space warfare |
| Form subdivision |
Fiction. |
| 9 (RLIN) |
5691772 |
| 650 #1 - SUBJECT ADDED ENTRY--TOPICAL TERM |
| Topical term or geographic name as entry element |
Interplanetary voyages |
| Form subdivision |
Fiction. |
| 9 (RLIN) |
5676020 |
| 655 #7 - INDEX TERM--GENRE/FORM |
| Genre/form data or focus term |
Science fiction. |
| Source of term |
lcgft. |
| 655 #7 - INDEX TERM--GENRE/FORM |
| Genre/form data or focus term |
Action and adventure fiction. |
| Source of term |
lcgft. |
| 830 #0 - SERIES ADDED ENTRY--UNIFORM TITLE |
| Uniform title |
Star Wars: the high Republic. |
| 9 (RLIN) |
6435713 |
| 942 ## - ADDED ENTRY ELEMENTS (KOHA) |
| Source of classification or shelving scheme |
Dewey Decimal Classification |
| Koha item type |
BOOK |